Painless grammar / (Record no. 29644)

MARC details
000 -LEADER
fixed length control field 00915nam a22002654a 4500
005 - DATE AND TIME OF LATEST TRANSACTION
control field 20090826135127.0
008 - FIXED-LENGTH DATA ELEMENTS--GENERAL INFORMATION
fixed length control field 060217s2006 nyua j 001 0 eng
010 ## - LCCN (DPL NO)
LC control number ENG-94905
020 ## - INTERNATIONAL STANDARD BOOK NUMBER
International Standard Book Number 8189975331
Terms of availability 195.00
020 ## - INTERNATIONAL STANDARD BOOK NUMBER
International Standard Book Number 9788189975333
Terms of availability 195.00
035 ## - SYSTEM CONTROL NUMBER
System control number EN-78438
037 ## - SOURCE OF ACQUISITION
Source of stock number/acquisition DBAD / PUB
040 ## - CATALOGING SOURCE
Original cataloging agency dpl
Language of cataloging English
082 ## - DEWEY DECIMAL CLASSIFICATION NUMBER
Classification number 485
100 ## - MAIN ENTRY--PERSONAL NAME
Personal name Elliott, Rebecca
245 ## - TITLE STATEMENT
Title Painless grammar /
Statement of responsibility, etc by Rebecca Elliott
250 ## - EDITION STATEMENT
Edition statement 2nd ed.
260 ## - PUBLICATION, DISTRIBUTION, ETC. (IMPRINT)
Place of publication, distribution, etc Chennai
Name of publisher, distributor, etc Westland Books
Date of publication, distribution, etc 2007
270 ## - ADDRESS
Address 571 Ponamallee High Road, Aminjikarai,
City Chennai
Postal code 600029
300 ## - PHYSICAL DESCRIPTION
Extent viii, 278 p. :
Other physical details ill. ;
Dimensions 23cm(pbk)
500 ## - GENERAL NOTE
General note Includes index.
650 ## - SUBJECT ADDED ENTRY--TOPICAL TERM
Topical term or geographic name as entry element English language
General subdivision Grammar
-- Study and teaching
942 ## - ADDED ENTRY ELEMENTS (KOHA)
Source of classification or shelving scheme Dewey Decimal Classification
Item type English Books
Classification part 485
Call number suffix ELL
Holdings
Withdrawn status Lost status Source of classification or shelving scheme Damaged status Not for loan Collection code Home library Current library Date acquired Source of acquisition Cost, normal purchase price Total Checkouts Full call number Barcode Date last seen Copy number Cost, replacement price Koha item type
    Dewey Decimal Classification   Not For Loan Non-fiction D.B.Act.Division D.B.Act.Division 26/08/2009 DBAD / PUB 195.00   485 ELL EN-78438 26/08/2009 1 195.00 English Books

© Delhi Public Library
Hit Counter
free hit counter